बैरिस्टर पार्वतीशम, अनु एम बि वि आइ आर शर्मा (Record no. 371964)
[ view plain ]
| 000 -LEADER | |
|---|---|
| fixed length control field | 01150nam a2200253Ia 4500 |
| 003 - CONTROL NUMBER IDENTIFIER | |
| control field | OSt |
| 005 - DATE AND TIME OF LATEST TRANSACTION | |
| control field | 20220923224524.0 |
| 008 - FIXED-LENGTH DATA ELEMENTS--GENERAL INFORMATION | |
| fixed length control field | tel |
| 037 ## - SOURCE OF ACQUISITION | |
| Terms of availability | Textual |
| 040 ## - CATALOGING SOURCE | |
| Original cataloging agency | ARTS |
| Transcribing agency | ARTS |
| Language of cataloging | tel |
| 041 ## - LANGUAGE CODE | |
| Source of code | tel |
| Language code of text/sound track or separate title | tel |
| 100 ## - MAIN ENTRY--PERSONAL NAME | |
| Personal name | शास्त्री, मोक्कपटि नरसिंह; शर्मा, एम. बि. वि. आइ. आर., अनु. |
| 9 (RLIN) | 168069 |
| 245 #0 - TITLE STATEMENT | |
| Title | बैरिस्टर पार्वतीशम, अनु एम बि वि आइ आर शर्मा |
| 246 ## - VARYING FORM OF TITLE | |
| Title proper/short title | Bairisṭar pārvatīshama, anu em bi vi āi ār sharmā |
| 260 ## - PUBLICATION, DISTRIBUTION, ETC. | |
| Place of publication, distribution, etc. | हैदराबाद |
| Name of publisher, distributor, etc. | आंध्र प्रदेश हिन्दी अकादेमी |
| Date of publication, distribution, etc. | 2007 |
| 300 ## - PHYSICAL DESCRIPTION | |
| Extent | 601पृ0 |
| Dimensions | cm. |
| 650 ## - SUBJECT ADDED ENTRY--TOPICAL TERM | |
| Topical term or geographic name entry element | तेलुगु साहित्य |
| 9 (RLIN) | 156264 |
| 942 ## - ADDED ENTRY ELEMENTS (KOHA) | |
| Classification part | O35,3M92,BP, 152P7 |
| Koha item type | Textual |
| Source of classification or shelving scheme | Colon Classification (CC) |
| Withdrawn status | Lost status | Damaged status | Not for loan | Home library | Current library | Date acquired | Total Checkouts | Full call number | Barcode | Date last seen | Price effective from | Koha item type | Public note |
|---|---|---|---|---|---|---|---|---|---|---|---|---|---|
| Arts Library | Arts Library | 2022-09-23 | O35,3M92,BP 152P7 | AL1293688 | 2022-09-23 | 2022-09-23 | Textual | Translation from Telugu to Hindi. |
